| 000 | 00580nam a2200181 i 4500 | ||
|---|---|---|---|
| 001 | 150979 | ||
| 003 | ES-MaACL | ||
| 005 | 20240524063004.0 | ||
| 007 | t| | ||
| 008 | 071123s1933 fr ||||1| fre d | ||
| 100 | 0 |
_aChesterton, G. K., _d1874-1936 _938399 |
|
| 245 | 1 | 3 |
_aLe poète et les lunatiques / _cG.K. Chesterton ; traduit de l'anglais par J. Fournier-Pargoire. |
| 260 |
_aParis : _bGallimard, _c[1933?] |
||
| 300 |
_a250 p. ; _c19 cm. |
||
| 700 | 1 |
_aFournier-Pargoire, Jeanne. _951995 |
|
| 852 |
_aES-MaACL _jA-2165 _bR.19279 |
||
| 999 |
_c150979 _d150979 |
||